Comuni dell'Emilia-Romagna (con mappa) - Statistics

Statistiche generali
  • Questo quiz è stato fatto 4.461 volte
  • Il punteggio medio è 66 su 330
Risposte nella Mappa
Le risposte nella mappa del quiz sottostante sono codificate secondo una scala di colori dal rosso al verde in base alla % di persone che hanno risposto correttamente.
 
Statistiche sulle risposte
Comune % Corretto
Bologna
88%
Rimini
87%
Parma
86%
Ravenna
86%
Cesena
85%
Ferrara
85%
Modena
85%
Piacenza
85%
Reggio nell'Emilia
85%
Forlì
84%
Riccione
77%
Imola
69%
Cesenatico
63%
Cattolica
60%
Sassuolo
60%
Faenza
59%
Carpi
57%
Cervia
57%
Comacchio
53%
Fidenza
48%
Casalecchio di Reno
47%
Cento
43%
Lugo
43%
Forlimpopoli
41%
Maranello
40%
Sasso Marconi
40%
Predappio
38%
Castelfranco Emilia
37%
Medicina
37%
Mirandola
37%
San Lazzaro di Savena
37%
Santarcangelo di Romagna
36%
Argenta
35%
Bellaria-Igea Marina
35%
Castel San Pietro Terme
35%
Misano Adriatico
35%
San Giovanni in Persiceto
35%
Budrio
34%
Fiorenzuola d'Arda
34%
Salsomaggiore Terme
34%
Bobbio
33%
Correggio
33%
Finale Emilia
32%
Gatteo
31%
Guastalla
31%
Reggiolo
31%
Vignola
31%
Bagnacavallo
30%
Goro
30%
Anzola dell'Emilia
29%
Castel Bolognese
29%
Pianoro
28%
Savignano sul Rubicone
28%
Valsamoggia
28%
Alfonsine
27%
Brisighella
27%
Castel Maggiore
27%
Formigine
27%
Zola Predosa
27%
Dozza
26%
Marzabotto
26%
Monghidoro
26%
Ozzano dell'Emilia
26%
Pavullo nel Frignano
26%
Russi
26%
Zocca
26%
Brescello
25%
Busseto
25%
Codigoro
25%
Crevalcore
25%
Nonantola
25%
San Leo
25%
Bagno di Romagna
24%
Borgo Val di Taro
24%
Granarolo dell'Emilia
24%
Molinella
24%
Sant'Agata Bolognese
24%
Scandiano
24%
Bibbiano
23%
Bondeno
23%
Luzzara
23%
Massa Lombarda
23%
Pieve di Cento
23%
Rubiera
23%
Bertinoro
22%
Castenaso
22%
Collecchio
22%
Novellara
22%
San Mauro Pascoli
22%
San Pietro in Casale
22%
Sant'Ilario d'Enza
22%
Sestola
22%
Bentivoglio
21%
Rolo
21%
San Felice sul Panaro
21%
Argelato
20%
Calderara di Reno
20%
Castelnovo ne' Monti
20%
Conselice
20%
Fiorano Modenese
20%
Fontanellato
20%
Solarolo
20%
Bore
19%
Campogalliano
19%
Castiglione dei Pepoli
19%
Cavriago
19%
Langhirano
19%
Meldola
19%
Montecchio Emilia
19%
Riolo Terme
19%
Sarsina
19%
Soliera
19%
Vergato
19%
Alto Reno Terme
18%
Castel San Giovanni
18%
Colorno
18%
Copparo
18%
Coriano
18%
Felino
18%
Jolanda di Savoia
18%
Mercato Saraceno
18%
Mesola
18%
Monzuno
18%
Albinea
17%
Bardi
17%
Baricella
17%
Berceto
17%
Canossa
17%
Castel del Rio
17%
Castel Guelfo di Bologna
17%
Castelvetro Piacentino
17%
Loiano
17%
Malalbergo
17%
Minerbio
17%
Monterenzio
17%
Noceto
17%
Novafeltria
17%
Novi di Modena
17%
Pennabilli
17%
Portomaggiore
17%
Sala Bolognese
17%
Santa Sofia
17%
Bomporto
16%
Castell'Arquato
16%
Castelvetro di Modena
16%
Cotignola
16%
Fanano
16%
Fornovo di Taro
16%
Fusignano
16%
Gambettola
16%
Grizzana Morandi
16%
Gualtieri
16%
Lizzano in Belvedere
16%
Poggio Renatico
16%
San Benedetto Val di Sambro
16%
Verucchio
16%
Bagnara di Romagna
15%
Bettola
15%
Caorso
15%
Casina
15%
Castello d'Argile
15%
Fabbrico
15%
Medolla
15%
Ostellato
15%
San Giorgio di Piano
15%
San Giovanni in Marignano
15%
San Polo d'Enza
15%
Spilamberto
15%
Traversetolo
15%
Boretto
14%
Campegine
14%
Camposanto
14%
Castelnuovo Rangone
14%
Castrocaro Terme e Terra del Sole
14%
Concordia sulla Secchia
14%
Fontanelice
14%
Galliera
14%
Modigliana
14%
Monte San Pietro
14%
Pontenure
14%
Riva del Po
14%
San Prospero
14%
Savignano sul Panaro
14%
Ventasso
14%
Verghereto
14%
Voghiera
14%
Albareto
13%
Alseno
13%
Bagnolo in Piano
13%
Bastiglia
13%
Casalfiumanese
13%
Casalgrande
13%
Castellarano
13%
Cavezzo
13%
Gattatico
13%
Morciano di Romagna
13%
Mordano
13%
Poviglio
13%
Quattro Castella
13%
Rio Saliceto
13%
Sala Baganza
13%
San Cesario sul Panaro
13%
Sant'Agata Feltria
13%
Sant'Agata sul Santerno
13%
Soragna
13%
Vigarano Mainarda
13%
Bedonia
12%
Borgo Tossignano
12%
Cadelbosco di Sopra
12%
Cadeo
12%
Casola Valsenio
12%
Castel d'Aiano
12%
Castel di Casio
12%
Castelnovo di Sotto
12%
Cortemaggiore
12%
Fiumalbo
12%
Fontevivo
12%
Gaggio Montano
12%
Lagosanto
12%
Marano sul Panaro
12%
Montese
12%
Pievepelago
12%
Premilcuore
12%
Roncofreddo
12%
Serramazzoni
12%
Sorbolo Mezzani
12%
Terre del Reno
12%
Baiso
11%
Borghi
11%
Borgonovo Val Tidone
11%
Campagnola Emilia
11%
Camugnano
11%
Carpaneto Piacentino
11%
Civitella di Romagna
11%
Corniglio
11%
Dovadola
11%
Ferriere
11%
Masi Torello
11%
Medesano
11%
Neviano degli Arduini
11%
Ottone
11%
Polesine Zibello
11%
Saludecio
11%
San Martino in Rio
11%
San Secondo Parmense
11%
Sissa Trecasali
11%
Tredozio
11%
Viano
11%
Villa Minozzo
11%
Zerba
11%
Agazzano
10%
Calestano
10%
Carpineti
10%
Casteldelci
10%
Fiscaglia
10%
Frassinoro
10%
Galeata
10%
Gemmano
10%
Gossolengo
10%
Gropparello
10%
Guiglia
10%
Longiano
10%
Montechiarugolo
10%
Montefiore Conca
10%
Montefiorino
10%
Podenzano
10%
Ponte dell'Olio
10%
Ravarino
10%
Riolunato
10%
Rivergaro
10%
Rocca San Casciano
10%
Rottofreno
10%
San Clemente
10%
San Possidonio
10%
Sassofeltrio
10%
Sogliano al Rubicone
10%
Solignano
10%
Tresignana
10%
Varano de' Melegari
10%
Varsi
10%
Vetto
10%
Vezzano sul Crostolo
10%
Alta Val Tidone
9%
Coli
9%
Compiano
9%
Farini
9%
Lama Mocogno
9%
Lesignano de' Bagni
9%
Monchio delle Corti
9%
Mondaino
9%
Montecreto
9%
Monticelli d'Ongina
9%
Palagano
9%
Palanzano
9%
Poggio Torriana
9%
Roccabianca
9%
San Giorgio Piacentino
9%
Tizzano Val Parma
9%
Toano
9%
Torrile
9%
Travo
9%
Ziano Piacentino
9%
Calendasco
8%
Cerignale
8%
Corte Brugnatella
8%
Lugagnano Val d'Arda
8%
Montegridolfo
8%
Montescudo-Monte Colombo
8%
Montiano
8%
Morfasso
8%
Pellegrino Parmense
8%
Polinago
8%
Portico e San Benedetto
8%
Prignano sulla Secchia
8%
Talamello
8%
Tornolo
8%
Vernasca
8%
Besenzone
7%
Gazzola
7%
Gragnano Trebbiense
7%
Maiolo
7%
Montecopiolo
7%
Pianello Val Tidone
7%
Sarmato
7%
Valmozzola
7%
Vigolzone
7%
Villanova sull'Arda
7%
Piozzano
6%
Terenzo
6%
San Pietro in Cerro
5%
Nessun quiz corrispondente trovato
Distribuzione punteggi
Percentuale di utenti per punteggio
Percentile per numero di risposta
I tuoi punteggi nel tempo
Non hai fatto questo quiz